000 00677nam a22002417a 4500
001 sjds
003 sjds
005 20221222095509.0
008 221222b sp ||||| |||| 00| 0 spa d
020 _a9788434841529
020 _a8434841525
040 _csjds
041 _aspa
100 1 0 _aHoubre, Gilbert.
245 1 3 _aLa zanahoria /
_cGilbert Houbre, Pascale de Bourgoing, Gallimard Jeunesse (Publisher)
246 _aLa zanahoria
260 _aMadrid :
_bSM,
_cc1994
300 _a1 volume (unpaged) :
_bcolor illustrations ;
_c18 cm
440 _a Mundo maravilloso
700 1 _aBourgoing, Pascale de
710 _aGallimard Jeunesse
_ePublisher
942 _cBK
999 _c27594
_d27594